| 000 | 00579nam a22001817a 4500 | ||
|---|---|---|---|
| 003 | OSt | ||
| 005 | 20260530115319.0 | ||
| 008 | 260508b2010 |||a|||| |||| 00| 0 eng d | ||
| 040 |
_aICI _bspa _cICI |
||
| 041 | _aspa | ||
| 050 |
_aHC79.E5 _bB45 |
||
| 245 | _aBeneficios sociales, ambientales y económicos, generados con la venta de bonos de carbono en el mercado voluntario. | ||
| 650 |
_aBonos ambientales. _934098 |
||
| 650 |
_aDesarrollo sostenible _xAspectos económicos. _934099 |
||
| 650 | _2Responsabilidad social. | ||
| 650 | _2Economía ambiental. | ||
| 942 |
_2lcc _cBK _n1 |
||
| 999 |
_c13691 _d13691 |
||